Statistics for General Knowledge Quiz #117

Click here to take the quiz!

General Stats

  • This quiz has been taken 60,033 times
    (32,850 since last reset)
  • The average score is 12 of 20

Answer Stats

QuestionAnswer% Correct
What does the average person have 206 of?Bones
95%
What does a funnel cloud become when it touches the ground?a Tornado
82%
What country has a name that ends in q?Iraq
82%
What city's "Hanging Gardens" were a Wonder of the World?
(although they may have never existed)
Babylon
76%
According to the song, what killed the radio star?Video
70%
What notable person was born in Honolulu and lived in Jakarta for part of his childhood?Barack Obama
66%
What animals are such reluctant breeders that zookeepers made pornography videos
to help them get in the mood?
Giant pandas
64%
Of the 196 countries of the world, 3 are "principalities". Name any of the three.Andorra /
Liechtenstein /
Monaco
63%
What accent is said to be spoken by people who were born within earshot of
Bow Bells in London?
Cockney
63%
What chemical element makes the surface of Mars appear red?Iron
63%
What crime is defined, in the United States, as the theft of something worth at least $400?Grand {larceny}
56%
What is the biggest cat native to the Americas?Jaguar
55%
Who did Claus von Stauffenberg plot to kill?Adolf Hitler
53%
What is considered to be the deadliest snake in Africa due to its speed, aggressive nature,
and large amount of venom?
Black mamba
53%
What South American city didn't exist until 1960, but now has a population
of over 3 million?
Brasília
52%
What was the world's best-selling model of car in the first half of the 20th century?Ford Model T
52%
What waterfalls, the world's tallest, were unknown to science until 1933?Angel Falls
51%
What TV host has popularized the pseudoscience of Deepak Chopra and Dr. Oz?Oprah Winfrey
47%
What is the term for a poet who is officially appointed by a government?Poet {laureate}
44%
Complete the analogy: Superman is to Daily Planet as Spider-Man is to ....Daily Bugle
40%

Score Distribution

Percentile by Number Answered

Percent of People with Each Score

Your Score History

You have not taken this quiz since the last reset